Mais respeito, eu sou criança! (Record no. 49643)

MARC details
000 -LÍDER
campo de controle de tamanho fixo 00389 a2200169 4500
001 - NÚMERO DE CONTROLE
campo de controle 49643
020 ## - ISBN - INTERNATIONAL STANDARD BOOK NUMBER
ISBN - International Standard Book Number 8516030970
040 ## - FONTE DA CATALOGAÇÃO
Instituição que transcreveu o registro Anchieta - Bela Vista
100 ## - ENTRADA PRINCIPAL--NOME PESSOAL
Nome pessoal Bandeira, Pedro
240 10 - TÍTULO UNIFORME
Título uniforme Mais respeito, eu sou criança!
Idioma da obra por
245 10 - TÍTULO
Título Mais respeito, eu sou criança!
300 ## - DESCRIÇÃO FÍSICA
Extensão 79
362 0# - DATAS DE PUBLICAÇÃO E/OU DESIGNAÇÃO SEQUENCIAL
Datas de publicação e/ou designação sequencial 2002
440 #1 - DECLARAÇÃO DE SÉRIE/ENTRADA ADICIONADA--TÍTULO
Título Moderna
650 #4 - ASSUNTO--TERMO TÓPICO
Cabeçalho tópico ou nome geográfico Literatura juvenil
942 ## - ELEMENTOS DE ENTRADA ADICIONADOS (KOHA)
Tipo de material Koha Livros
Holdings
Situação do descarte Situação das perdas Situação física Não pode ser emprestado Biblioteca de origem Biblioteca atual Data de aquisição Total de empréstimos Número de chamada completo Código de barras Data de último acesso Data do preço efetivo Tipo de material Koha
        Colégio Anchieta - Bela Vista Colégio Anchieta - Bela Vista 21/11/2023   LJ 028.5 B214m BAN MAI 2605/BEL 21/11/2023 21/11/2023 Livros